Règnes des Rois et Empereurs de France - Statistiques

Statistiques générales
  • Ce quiz a été pris 147 fois
  • Le résultat moyen est 30 sur 68
Statistiques - réponses
Hint Réponse % Correct
481 – 511 Clovis Ier
84%
768 – 814 Charlemagne
70%
1589 – 1610 Henri IV
65%
1610 – 1643 Louis XIII
65%
1643 – 1715 Louis XIV
65%
1715 – 1774 Louis XV
65%
1574 – 1589 Henri III
64%
1774 – 1792 Louis XVI
64%
1815 – 1824 Louis XVIII
64%
1824 – 1830 Charles X
62%
1515 – 1547 François Ier
62%
1804 – 1815 Napoléon Ier
62%
1852 – 1870 Napoléon III
62%
1559 – 1574 Charles IX
61%
1547 – 1559 Henri II
61%
511 – 561 Clotaire Ier
58%
1559 – 1560 François II
58%
1830 – 1848 Louis-Philippe Ier
56%
1461 – 1483 Louis XI
56%
1498 – 1515 Louis XII
56%
1226 – 1270 Louis IX
55%
1364 – 1380 Charles V
53%
1380 – 1422 Charles VI
53%
1422 – 1461 Charles VII
53%
1483 – 1498 Charles VIII
53%
1314 – 1316 Louis X
53%
987 – 996 Hugues Ier
52%
814 – 840 Louis Ier
49%
843 – 877 Charles II
48%
1322 – 1328 Charles IV
48%
1223 – 1226 Louis VIII
48%
1270 – 1285 Philippe III
47%
1285 – 1314 Philippe IV
47%
1108 – 1137 Louis VI
45%
1137 – 1180 Louis VII
45%
1180 – 1223 Philippe II
45%
1316 – 1322 Philippe V
44%
1328 – 1350 Philippe VI
44%
1316 – 1316 Jean Ier
43%
1350 – 1364 Jean II
42%
751 – 768 Pépin le Bref
42%
1031 – 1060 Henri Ier
39%
877 – 879 Louis II
39%
1060 – 1108 Philippe Ier
39%
623 – 639 Dagobert Ier
36%
879 – 882 Louis III
36%
996 – 1031 Robert II
36%
884 – 887 Charles III
35%
986 – 987 Louis V
35%
936 – 954 Louis IV
32%
584 – 629 Clotaire II
31%
922 – 923 Robert Ier
29%
879 – 884 Carloman II
25%
662 – 675 Childéric II
25%
743 – 751 Childéric III
25%
893 – 929 Charles III
23%
639 – 657 Clovis II
23%
954 – 986 Lothaire Ier
23%
721 – 737 Thierry IV
23%
768 – 771 Carloman Ier
22%
715 – 721 Chilpéric II
22%
657 – 673 Clotaire III
22%
923 – 936 Raoul Ier
21%
691 – 694 Clovis IV
19%
711 – 715 Dagobert III
19%
561 – 567 Caribert Ier
18%
675 – 691 Thierry III
18%
888 – 898 Eudes Ier
17%
Aucun quiz correspondant
Distribution des résultats
% des personnes avec chaque résultat
Percentile par nombre de réponses
Votre historique - résultats
Vous n’avez pas pris ce quiz